000 00818nam a2200193Ia 4500
008 151121s9999||||xx |||||||||||||| ||und||
082 _a301।24/कामत
082 _bHNW-45078
100 _aकामत अ। रा।
245 _aस्वातंत्र्योत्तर भारतातील सामाजिक बदल
260 _b"मागोवा प्रकाशन, पुणे।"
260 _c--
300 _a142
600 _aकामत अ। रा।
630 _aस्वातंत्र्योत्तर भारतातील सामाजिक बदल
700 _aकामत अ। रा।
730 _aस्वातंत्र्योत्तर भारतातील सामाजिक बदल
942 _cBOOK
999 _c1232357
_d1232354